1564 1392 1129 1829 1642 1347 1533 1660 1780 1979 1928 1273 1981 1200 1547 1709 1245 1264 1269 1711 1179 1924 1288 1009 1245 1570 1465 1804 1055 1254 1223 1713 1065 1843 1071 1245 1612 1964 1752 1968 1961 1170 1381 1870 1979 1038 1088 1670 1730 1488 1065 1052 1902 1577 1989 1650 1082 1374 1794 1902 1368 1974 1692 1610 1155 1223 1831 1899 1291 1385 1020 1229 1856 1567 1848 1421 1408 1673 1037 1523 1381 1413 1022 1945 1787 1594 1365 1910 1427 1870 1945 1491 1686 1454 1447 1916 1723 1039 1639 BCNSPRNW ULIB Ver.6.0+V

เปลี่ยนเป็นภาษาไทย

Change to English
 แสดงรายละเอียดบรรณานุกรม
  กลับหน้าหลัก

Brief Record : Get Marc (ISO 2709) : E-mail record : QR code < ปิดหน้าต่าง
LEADER : 00000nam 2200000uu 4500
001    13399123176
003     ULIB
008    120327s2551||||th 000 0 tha d
020    ^a9789740601746
090    ^aนว.^bพ495ก
100 0  ^aเพนกวิน
245 00 ^aกำแพงดอกไม้/^cเพนกวิน
250    ^aพิมพ์ครั้งที่ 1
260    ^aกรุงเทพฯ :^bบลูบัตเตอร์ฟลาย,^c2551
300    ^a304 หน้า
710 1  ^aบลูบัตเตอร์ฟลาย
945    ^p219^l0^i20324
995    ^aกัณชพร
999    ^aใช้งานได้ทุกระบบ
รายการนี้ยังไม่มีแท็ก
คุณยังไม่ได้ล็อกอิน คุณสามารถมีกิจกรรมร่วมกับเว็บไซต์ได้ แต่ต้องล็อกอินก่อน ::
  ล็อกอิน

รายการสื่อสารสนเทศ

ลำดับที่ ประเภท เลขเรียก/บาร์โค้ด สถานที่ สถานะ
1. นวนิยาย
นวนิยาย
นว. พ495ก ฉ.1 
  Barcode: 20324
ห้องสมุดวิทยาเขตนครสวรรค์
►นวนิยาย:l:Fiction
บนชั้น

BibComment


ยังไม่เคยถูกคอมเมนท์

คอมเมนท์ทรัพยากรรายการนี้
  คอมเมนท์: กำแพงดอกไม้ เพนก..


 Copyright 2026. Bcnsprnw @Library